| 000 -LEADER |
| fixed length control field |
01359cam a2200265 a 4500 |
| 003 - CONTROL NUMBER IDENTIFIER |
| control field |
OSt |
| 005 - DATE AND TIME OF LATEST TRANSACTION |
| control field |
20200312075216.0 |
| 008 - FIXED-LENGTH DATA ELEMENTS--GENERAL INFORMATION |
| fixed length control field |
050615s2006 enka b 001 0 eng |
| 020 ## - INTERNATIONAL STANDARD BOOK NUMBER |
| International Standard Book Number |
9780754633884 (alk. paper) |
| 040 ## - CATALOGING SOURCE |
| Original cataloging agency |
DLC |
| Transcribing agency |
DLC |
| Modifying agency |
UKM |
| -- |
BAKER |
| -- |
BWKUK |
| -- |
DLC |
| 082 00 - DEWEY DECIMAL CLASSIFICATION NUMBER |
| Classification number |
022.3 |
| Edition number |
22 |
| Item number |
DEW |
| 100 1# - MAIN ENTRY--PERSONAL NAME |
| Personal name |
Dewe, Michael. |
| 245 10 - TITLE STATEMENT |
| Title |
Planning public library buildings : |
| Remainder of title |
concepts and issues for the librarian / |
| Statement of responsibility, etc |
Michael Dewe. |
| 260 ## - PUBLICATION, DISTRIBUTION, ETC. (IMPRINT) |
| Place of publication, distribution, etc |
Aldershot, England ; |
| -- |
Burlington, VT : |
| Name of publisher, distributor, etc |
Ashgate Pub., |
| Date of publication, distribution, etc |
c2006. |
| 300 ## - PHYSICAL DESCRIPTION |
| Extent |
xii, 354 p. : |
| Other physical details |
ill. ; |
| Dimensions |
24 cm. |
| 504 ## - BIBLIOGRAPHY, ETC. NOTE |
| Bibliography, etc |
Includes bibliographical references (p. 335-340) and index. |
| 505 0# - FORMATTED CONTENTS NOTE |
| Formatted contents note |
Mission and roles -- Sources of renewal and innovation -- Service point provision, size and shape -- 'Location, location, location' -- Alternatives to new buildings -- Sustainability, safety, security and systems -- Planning, design and construction -- Key qualities in design and evaluation -- Identity, communication and style -- The library interior -- Anything it needs to be? |
| 650 #0 - SUBJECT ADDED ENTRY--TOPICAL TERM |
| Topical term or geographic name as entry element |
Library buildings |
| General subdivision |
Design and construction. |
| 650 #0 - SUBJECT ADDED ENTRY--TOPICAL TERM |
| Topical term or geographic name as entry element |
Public libraries |
| General subdivision |
Planning. |
| 650 #0 - SUBJECT ADDED ENTRY--TOPICAL TERM |
| Topical term or geographic name as entry element |
Library architecture. |
| 650 #0 - SUBJECT ADDED ENTRY--TOPICAL TERM |
| Topical term or geographic name as entry element |
Library buildings |
| Geographic subdivision |
Great Britain |
| General subdivision |
Design and construction. |
| 650 #0 - SUBJECT ADDED ENTRY--TOPICAL TERM |
| Topical term or geographic name as entry element |
Public libraries |
| Geographic subdivision |
Great Britain |
| General subdivision |
Planning. |
| 650 #0 - SUBJECT ADDED ENTRY--TOPICAL TERM |
| Topical term or geographic name as entry element |
Library architecture |
| Geographic subdivision |
Great Britain. |
| 942 ## - ADDED ENTRY ELEMENTS (KOHA) |
| Source of classification or shelving scheme |
|